000 01786nam0a2200349 4500
001 RU\NLR\bibl\1283239
005 20260408194425.0
010 _a978-5-94721-045-3
_970
021 _aRU
_b2008-64950
_93698
035 _a(NLR Aleph) 001268985
090 _a426909
_c426909
100 _a20081010d2008 u y0rusy50 ca
101 0 _arus
102 _aRU
105 _aa |||||||||
200 1 _aПолитический экстремизм
_eучебное пособие
_fИ.Л. Морозов
_gФедер. агентство по образованию и науке, Фил. гос. образоват. учреждения высш. проф. образования "Моск. энерг. ин-т (техн. ун-т)" в г. Волжском, Каф. "Соц.-гуманит. науки"
210 _aВолжский
_cФилиал ГОУ ВПО "МЭИ (ТУ)" в г. Волжском
_d2008
215 _a122,[1] с.
_cсхем.
_d21
320 _aБиблиогр.: с. 118-122 (90 назв.) и в подстроч. примеч.
606 1 _aЭкстремизм религиозный
_jУчебные издания для высших учебных заведений
_91819550
_3RU\NLR\auth\66821723
606 _aЭкстремизм (полит.)
_jУчебные издания для высших учебных заведений
_3RU\NLR\auth\661363310
_92274848
686 _aФ011.42я73
686 _aЭ211.49я73
700 1 _4070
_8rus
_7ca
_aМорозов
_bИ. Л.
_cд-р полит. наук
_f1973-
_gИлья Леонидович
_3RU\NLR\AUTH\7770071
_952999
801 0 _aRU
_bNLR
_c20081010
_gRCR
801 1 _aRU
_bNLR
_c20081010
830 _aавт. по кн.
942 _cBOOK
980 _aNB
980 _aNBR